000 00648cam a22002413a 4500
001 27857
003 PGUSA
005 20140828083613.0
008 090121s2009||||xxu|||||s|||||000 1 eng d
040 _aPGUSA
_beng
042 _adc
050 4 _aPS
100 1 _aLillibridge, Will,
_d1878-1909
245 1 4 _aThe Dominant Dollar
_h[electronic resource] /
_cWill Lillibridge
260 _bProject Gutenberg,
_c2009
506 _aPublic domain in the USA.
516 _aElectronic text
653 _aFiction
700 1 _aRalph, Lester
830 0 _aProject Gutenberg
_v27857
856 4 0 _uhttp://www.gutenberg.org/ebooks/27857
942 _cEB
999 _c257112
_d257112